header

The expression of information structure (Record no. 100075)

MARC details
000 -LEADER
fixed length control field 01773nam a2200397Ia 4500
082 04 - DEWEY DECIMAL CLASSIFICATION NUMBER
Classification number 496
245 14 - TITLE STATEMENT
Title The expression of information structure
260 ## - PUBLICATION, DISTRIBUTION, ETC. (IMPRINT)
Place of publication Philadelphia :
Name of publisher John Benjamins,
Year of publication 2010.
300 ## - PHYSICAL DESCRIPTION
Number of Pages xii, 383 p.
490 1# - SERIES STATEMENT
Series statement Typological studies in language ;
500 ## - GENERAL NOTE
General note Papers presented at the International Conference on Focus in African Languages, held October 6-8, Berlin, Germany.
650 #0 - SUBJECT ADDED ENTRY--TOPICAL TERM
Topical Term African languages
Topical Term Focus (Linguistics)
Topical Term Typology (Linguistics)
Topical Term Intonation (Phonetics)
700 1# - ADDED ENTRY--PERSONAL NAME
Personal name Fiedler, Ines.
Personal name Schwarz, Anne.
856 40 - ELECTRONIC LOCATION AND ACCESS
Uniform Resource Identifier http://site.ebrary.com/lib/rucke/Doc?id=10383975

No items available.

© 2026 Rongo University
Contact us: librarian | system librarian | Rongo university